| 000 | 01148nam a22003137a 4500 | ||
|---|---|---|---|
| 999 |
_c9473 _d9473 |
||
| 003 | AR-CdUCM | ||
| 008 | 190223b ||||| |||| 00| 0 spa d | ||
| 040 |
_aMUNICIPALIDAD PROVINCIAL DEL CUSCO _cBIBLIOTECA MUNICIPAL DEL CUSCO |
||
| 082 |
_aC / 330.985 / _bR36 |
||
| 100 |
_aReinaga, Cesar Augusto _91406 |
||
| 245 | _aEsbozo de una historia del pensamiento económico del Perú / | ||
| 260 |
_aCuzco : _bGarcilaso , _c1969. |
||
| 300 |
_a196 páginas ; _c23 cm. |
||
| 505 | _aEl voto consultivo -- La política económica -- Un eco del mercantilismo -- Un neo-liberal del siglo XIX -- Experto en finanzas... | ||
| 650 |
_aEconomia _9382 |
||
| 650 |
_aPolítica económica. _91407 |
||
| 650 |
_aEconomía Política. _91408 |
||
| 650 |
_aVirreinato Político. _91409 |
||
| 650 |
_aLa república. _91410 |
||
| 700 |
_aBravo de las Lagunas, Pedro _91411 |
||
| 700 |
_aBaquijano y Carrillo, Jose _91412 |
||
| 700 |
_aRodriguez, Jose M. _91413 |
||
| 700 |
_aPardo, Manuel _91414 |
||
| 700 |
_aLergard, Cesar _91415 |
||
| 700 |
_aUgarte, Cesar Antonio _91416 |
||
| 700 |
_aMariategui, Jose Carlos _91417 |
||
| 942 |
_2ddc _cLIBROS |
||
| 945 | _awfj | ||